Chanson disney « dans un autre monde » - Statistiques

Statistiques générales
  • Ce quiz a été pris 745 fois
  • Le résultat moyen est 159 sur 201
Statistiques - réponses
Hint Réponse % Correct
3 | 46 t’
99%
26 | 148 d’
98%
95 m’
98%
134 au
97%
16 J’
97%
61 j’
97%
2 | 45 | 77 | +2 others je
97%
89 | 194 Je
97%
166 s’
96%
101 | 105 | 109 | +6 others un
96%
82 | 98 l’
95%
11 | 35 | 38 n’
95%
72 dans
94%
100 | 104 | 108 | +3 others Dans
94%
102 | 106 | 110 | +3 others autre
93%
122 ce
93%
139 en
93%
14 | 73 | 186 la
93%
57
93%
53 ma
93%
103 | 107 | 111 | +3 others monde.
93%
149 ou
93%
5 | 48 | 75 mais
92%
12 | 39 | 185 es
91%
10 | 184 tu
90%
37 | 69 Tu
90%
6 | 49 c’est
89%
20 | 33 | 67 | +4 others de
89%
7 | 50 non.
89%
84 | 160 et
88%
24 | 86 | 118 | 137 me
88%
1 Oui
88%
13 pas
88%
4 entends
87%
9 | 60 | 144 que
87%
112 Que
87%
23 il
85%
78 | 90 | 195 ne
83%
42 | 199 une
83%
162 Une
83%
32 | 44 si
82%
183 Si
82%
54 vie.
81%
64 | 117 | 136 | 142 qui
80%
15 solution.
80%
41 son
79%
22 | 31 comme
78%
8 Parce
78%
66 pour
78%
87 suis
78%
34 rien
77%
28 tes
77%
62 aime
76%
36 était.
76%
30 Faire
75%
169 | 188 le
75%
18 mille
75%
145 | 165 moi
75%
189 | 191 moi,
75%
193 moi.
75%
92 | 197 plus
75%
19 raisons
75%
17 aurais
74%
121 Est
74%
25 plait,
74%
40 qu’un
74%
91 | 196 veux
74%
55 Ils
73%
29 murmures.
73%
56 sont
73%
58 | 140 tous
73%
43 mélodie,
72%
59 | 63 ceux
71%
88 perdue.
71%
68 vrai.
71%
47 écoutais,
70%
27 ignorer
70%
83 aventure
69%
114 cette
69%
99 inconnu.
69%
80 J’ai
69%
76 jamais
69%
81 tenté
69%
51 J’en
68%
97 vers
68%
115 voix.
68%
70 peux
67%
74 nuit
66%
151 viens.
66%
94 ni
65%
21 vivre
65%
135 loin
63%
65 comptent
62%
52 oublierais
62%
93 partir
62%
138 ressemble
62%
131 elle
61%
126 liberté,
61%
141 points,
61%
133 quelqu’un
61%
79 répondrai.
61%
113 veut
61%
116 Celle
60%
71 hurler
60%
143 mieux
60%
163 partie
60%
147 savoir
60%
124 vent
60%
128 chemin
58%
96 élancer
58%
120 éveillée.
58%
129 abandonné.
57%
119 maintient
57%
153 jour
56%
161 pouvoir.
56%
168 sans
56%
130 Vient
56%
170 vouloir.
56%
146 pourrait
55%
155 nouveau
54%
152 Chaque
53%
156 défi
53%
159 gloire
53%
157 mélange
53%
200 seule
53%
201 seconde.
51%
198 perdre
48%
192 emmene
45%
187 prouve
39%
190 rassure
35%
167 emballe
10%
Aucun quiz correspondant
Distribution des résultats
% des personnes avec chaque résultat
Percentile par nombre de réponses
Votre historique - résultats
Vous n’avez pas pris ce quiz